Statistics for Countries That End With The Letter A

Click here to take the quiz!

General Stats

  • This quiz has been taken 59 times
    (17 since last reset)
  • The average score is 69 of 73

Answer Stats

HintAnswer% Correct
EuropeAlbania
100%
AfricaAlgeria
100%
EuropeAndorra
100%
AfricaAngola
100%
South AmericaArgentina
100%
AsiaArmenia
100%
OceaniaAustralia
100%
EuropeBosnia and Herzegovina
100%
EuropeBulgaria
100%
North AmericaCanada
100%
AsiaChina
100%
North AmericaCosta Rica
100%
North AmericaCuba
100%
AfricaEritrea
100%
EuropeEstonia
100%
North AmericaGuatemala
100%
AsiaIndia
100%
AsiaIndonesia
100%
AfricaNamibia
100%
North AmericaNicaragua
100%
AsiaNorth Korea
100%
EuropeRomania
100%
AfricaRwanda
100%
North AmericaSaint Lucia
100%
EuropeSerbia
100%
EuropeSlovakia
100%
AfricaSomalia
100%
AsiaSouth Korea
100%
OceaniaTonga
100%
AfricaZambia
100%
EuropeAustria
94%
South AmericaBolivia
94%
AsiaCambodia
94%
South AmericaColombia
94%
North AmericaDominica
94%
AsiaGeorgia
94%
AfricaGhana
94%
AfricaGuinea
94%
South AmericaGuyana
94%
North AmericaJamaica
94%
AfricaKenya
94%
EuropeLatvia
94%
EuropeMalta
94%
AfricaNigeria
94%
North AmericaPanama
94%
EuropeRussia
94%
OceaniaSamoa
94%
AsiaSaudi Arabia
94%
EuropeSlovenia
94%
AfricaUganda
94%
South AmericaVenezuela
94%
North AmericaAntigua and Barbuda
88%
AfricaBotswana
88%
EuropeCroatia
88%
OceaniaFederated States of Micronesia
88%
North AmericaGrenada
88%
AfricaLibya
88%
EuropeLithuania
88%
AsiaMalaysia
88%
AfricaMauritania
88%
AsiaMongolia
88%
EuropeNorth Macedonia
88%
OceaniaPapua New Guinea
88%
AfricaSouth Africa
88%
AsiaSyria
88%
AfricaThe Gambia
88%
AfricaTunisia
88%
AfricaEthiopia
82%
AfricaLiberia
82%
AfricaTanzania
82%
AfricaEquatorial Guinea
76%
EuropeMoldova
76%
AsiaSri Lanka
76%

Score Distribution

Percentile by Number Answered

Percent of People with Each Score

Your Score History

You have not taken this quiz since the last reset